书目信息 |
| 题名: |
日本现代知识产权法理论
|
|
| 作者: | 田村善之 编 ;李扬 译 | |
| 分册: | ||
| 出版信息: | 北京 法律出版社 2010 |
|
| 页数: | 10,341页 | |
| 开本: | 21cm | |
| 丛书名: | 汕头大学比较法学丛书 | |
| 单 册: | ||
| 中图分类: | D931.33 | |
| 科图分类: | ||
| 主题词: | 知识产权法--研究--日本 , 知识产权法 | |
| 电子资源: | ||
| ISBN: | 978-7-5118-0403-7 | |
| 000 | 01063oam2 2200289 450 | |
| 001 | 004521179 | |
| 005 | 20110224091027.53 | |
| 010 | @a978-7-5118-0403-7@dCNY29.00 | |
| 035 | @a004521179 | |
| 100 | @a20100514d2010 em y0chiy0110 ea | |
| 101 | 1 | @achi@cjpn |
| 102 | @aCN@b110000 | |
| 105 | @ay z 000yy | |
| 106 | @ar | |
| 200 | 1 | @a日本现代知识产权法理论@9ri ben xian dai zhi shi chan quan fa li lun@f(日)田村善之编@g李扬等译 |
| 210 | @a北京@c法律出版社@d2010 | |
| 215 | @a10,341页@d21cm | |
| 225 | 2 | @a汕头大学比较法学丛书 |
| 330 | @a本书分为:总论、反不正当竞争法、专利法、商标法、著作权法、传统知识的保护、国际知识产权法七部分,介绍了知识产权法政策学初探、再论知识产权的侵害警告与正当的权利行使、论软件发明中自然法则的利用性等内容。 | |
| 461 | 0 | @12001 @a汕头大学比较法学丛书 |
| 606 | 0 | @a知识产权法@x研究@y日本 |
| 606 | 0 | @a知识产权法 |
| 690 | @aD931.33@v4 | |
| 701 | 0 | @c(日)@a田村善之@9tian cun shan zhi@4编 |
| 702 | 0 | @a李扬@9li yang@c(法学教授)@4译 |
| 801 | 0 | @aCN@bNLC@c20110224 |
| 905 | @b205978263-290@h597826-29@dD931.33@e65@f4 | |
| 日本现代知识产权法理论/(日)田村善之编/李扬等译.-北京:法律出版社,2010 |
| 10,341页;21cm.-(汕头大学比较法学丛书) |
| ISBN 978-7-5118-0403-7:CNY29.00 |
| 本书分为:总论、反不正当竞争法、专利法、商标法、著作权法、传统知识的保护、国际知识产权法七部分,介绍了知识产权法政策学初探、再论知识产权的侵害警告与正当的权利行使、论软件发明中自然法则的利用性等内容。 |
| ● |
| 相关链接 |
|
|
|
|
正题名:日本现代知识产权法理论
索取号:D931.33/65
 
预约/预借
| 序号 | 登录号 | 条形码 | 馆藏地/架位号 | 状态 | 备注 |
| 1 | 597826 | 205978263 | 第一样本阅览室/ [索取号:D931.33/65] | 在馆 | |
| 2 | 597827 | 205978272 | 第一借阅区/ [索取号:D931.33/65] | 在馆 | |
| 3 | 597828 | 205978281 | 第一借阅区/ [索取号:D931.33/65] | 在馆 | |
| 4 | 597829 | 205978290 | 密集书库-史法系/ [索取号:D931.33/65] | 在馆 |